| 000 | 01296nam a2200301 i 4500 | ||
|---|---|---|---|
| 003 | EG-ScBUE | ||
| 005 | 20231123140303.0 | ||
| 008 | 110810s2001 u f b 000 0 ara d | ||
| 017 | _a2001 / 15947 | ||
| 020 | _a9770175757 | ||
| 040 |
_aEG-ScBUE _bara _erda _cEG-ScBUE _dEG-ScBUE |
||
| 043 | _af-ua--- | ||
| 082 | 0 | 4 |
_222 _a962.03 _bو ن ت |
| 100 | 1 |
_926633 _aونتر، ميكل، _d1934- _eمؤلف. |
|
| 245 | 1 | 2 |
_aالمجتمع المصري تحت الحكم العثماني / _cميكل ونتر ؛ ترجمة إبراهيم محمد إبراهيم ؛ راجعه وعلق عليه د. عبد الرحمن عبد الله الشيخ. |
| 264 | 1 |
_aالقاهرة : _bالهيئة المصرية العامة للكتاب، _c2001. |
|
| 300 |
_a443 صفحة ؛ _c24 سم |
||
| 336 |
_2rdacontent _aنص _btxt |
||
| 337 |
_aبدون وسيط _2rdamedia _bn |
||
| 338 |
_aمجلد _bnc _2rdacarrier |
||
| 504 | _aيشتمل على إرجاعات ببليوجرافية. | ||
| 651 | 7 |
_aمصر _xتاريخ _yالعصر العثماني (1517-1914 م.). _2BUEsh |
|
| 653 | _cAugust2011 | ||
| 655 | _vReading book | ||
| 700 | 1 |
_aإبراهيم، إبراهيم محمد، _eمترجم. |
|
| 700 | 1 |
_aشيخ، عبد الرحمن عبد الله، _eمراجع. |
|
| 942 |
_2ddc _cBB |
||
| 999 |
_c15802 _d15802 |
||